| 000 | 00375nam a2200133Ia 4500 | ||
|---|---|---|---|
| 008 | 240624s9999 xx 000 0 und d | ||
| 041 | _aeng | ||
| 082 | _a332.63 JEN | ||
| 100 | _aJENG JAU LIAN | ||
| 245 | _aEMPIRICAL ASSET PRICING MODELS DATA EMPIRICAL VERIFICATION | ||
| 260 |
_c2018 _aSwitzerland _bPalgrave Macmillan |
||
| 300 | _axvi, 268 p.; 23 cm. | ||
| 365 |
_cERU _b33 |
||
| 999 |
_c32199 _d32199 |
||